000 00555nam a2200181Ia 4500
005 20260120124524.0
008 008 260114s9999 xx 000 0 eng d
020 _a9781785609800
037 _aEBOOK
040 _aCRL
_beng
_cCRL
041 _aeng
_2eng
084 _qCRL
245 0 _aFinance Reconsidered: New Perspectives for a Responsible and Sustainable Finance
260 _bEmerald Publishing
_c2016
856 _uhttps://www.emerald.com/insight/publication/doi/10.1108/S2043-9059201610
942 _cEBOOK
999 _c1499138
_d1499138